| Tag |
First Indicator |
Second Indicator |
Subfields |
| LEADER |
00000cam a2200000 i 4500 |
| 001 |
in00004430721 |
| 005 |
20211120111325.0 |
| 006 |
m o d f |
| 007 |
cr b|||||||||| |
| 008 |
151211t20152015dcu ob f000 0 eng c |
| 035 |
|
|
|a (OCoLC)ocn932064380
|
| 042 |
|
|
|a pcc
|
| 043 |
|
|
|a e-sp---
|
| 040 |
|
|
|a AWC
|b eng
|e rda
|e pn
|c AWC
|d OCLCF
|d GPO
|d MvI
|
| 049 |
|
|
|a WWW
|
| 074 |
|
|
|a 1063-K-16 (online)
|
| 086 |
0 |
|
|a Y 3.P 31:20/384
|
| 100 |
1 |
|
|a Whitfield, Teresa,
|e author.
|
| 245 |
1 |
4 |
|a The Basque conflict and ETA :
|b the difficulties of an ending /
|c Teresa Whitfield.
|
| 246 |
3 |
|
|a Basque conflict and Euskadi ta Askatasuna
|
| 264 |
|
1 |
|a Washington, DC :
|b United States Institute of Peace,
|c 2015.
|
| 264 |
|
4 |
|c ©2015
|
| 300 |
|
|
|a 1 online resource (16 pages).
|
| 336 |
|
|
|a text
|b txt
|2 rdacontent
|
| 337 |
|
|
|a computer
|b c
|2 rdamedia
|
| 338 |
|
|
|a online resource
|b cr
|2 rdacarrier
|
| 490 |
1 |
|
|a Special report ;
|v 384
|
| 500 |
|
|
|a "December 2015."
|
| 504 |
|
|
|a Includes bibliographical references (pages 15-16).
|
| 588 |
|
|
|a Description based on online resource; title from PDF caption (USIP, viewed December 2, 2020).
|
| 610 |
2 |
0 |
|a ETA (Organization)
|
| 650 |
|
0 |
|a Peace-building
|z Spain
|z País Vasco.
|
| 651 |
|
0 |
|a País Vasco (Spain)
|x Politics and government.
|
| 651 |
|
0 |
|a País Vasco (Spain)
|x History
|x Autonomy and independence movements.
|
| 610 |
2 |
7 |
|a ETA (Organization)
|2 fast
|0 (OCoLC)fst00546988
|
| 650 |
|
7 |
|a Autonomy and independence movements.
|2 fast
|0 (OCoLC)fst01736040
|
| 650 |
|
7 |
|a Peace-building.
|2 fast
|0 (OCoLC)fst01055902
|
| 650 |
|
7 |
|a Politics and government.
|2 fast
|0 (OCoLC)fst01919741
|
| 651 |
|
7 |
|a Spain
|z País Vasco.
|2 fast
|0 (OCoLC)fst01228625
|
| 655 |
|
7 |
|a History.
|2 fast
|0 (OCoLC)fst01411628
|
| 710 |
2 |
|
|a United States Institute of Peace,
|e issuing body.
|
| 830 |
|
0 |
|a Special report (United States Institute of Peace) ;
|v 384.
|
| 856 |
4 |
0 |
|u https://purl.fdlp.gov/GPO/gpo148166
|t 0
|
| 999 |
f |
f |
|s 431bc919-ceef-3026-93f1-e9ba3d17df41
|i 318dc7bf-4b39-3b92-8fb5-210f39e4aba5
|t 0
|
| 952 |
f |
f |
|a Texas A&M University
|b College Station
|c Electronic Resources
|d Available Online
|t 0
|e Y 3.P 31:20/384
|h Superintendent of Documents classification
|
| 998 |
f |
f |
|a Y 3.P 31:20/384
|t 0
|l Available Online
|